Guía de campo de las aves de Chile
Сохранить в:
| Главный автор: | |
|---|---|
| Другие авторы: | |
| Формат: | |
| Язык: | испанский |
| Опубликовано: |
Santiago, Chile
Universitaria
2000
|
| Редактирование: | Novena edición |
| Предметы: | |
| Метки: |
Добавить метку
Нет меток, Требуется 1-ая метка записи!
|
MARC
| LEADER | 00000nam a2200000 a 4500 | ||
|---|---|---|---|
| 001 | UCN5997 | ||
| 003 | CL-VaPUC | ||
| 005 | 20211113074305.0 | ||
| 008 | 010913e20000000CL |||||||||||||||||spa|d | ||
| 999 | |c 297090 |d 297088 | ||
| 040 | |c Pontificia Universidad Católica de Valparaíso | ||
| 082 | 0 | 4 | |a 598.293 ARA 2000 |2 21 |
| 100 | |a Araya Modinger, Braulio |9 351165 | ||
| 245 | 1 | 0 | |a Guía de campo de las aves de Chile |
| 250 | |a Novena edición | ||
| 260 | 0 | 3 | |a Santiago, Chile |b Universitaria |c 2000 |
| 300 | |a 406 páginas | ||
| 583 | |a last modification |c 20010913 00:00:00 |k Rodrigo Vera | ||
| 650 | 0 | |a Aves |9 262192 | |
| 650 | 0 | |a Ornitología |9 269493 | |
| 700 | 0 | |a Millie Holman, Guillermo |9 461757 | |
| 942 | |c BK |2 ddc | ||
| 945 | |d 20010913 00:00:00 |a vberengu | ||
| 952 | |0 0 |1 0 |2 ddc |4 0 |6 598_293000000000000_ARA_2000 |7 0 |8 A |9 351513 |a BIBCUR |b BIBCUR |d 2019-11-21 |i 3754766 |o 598.293 ARA 2000 |p 3754766 |r 2025-04-22 |t 1 |w 2019-11-21 |y BK |k BAC | ||